000 00412nam a2200181Ia 4500
001 17932
005 20260306171553.0
008 260306s9999||||xx |||||||||||||| ||und||
041 _aESP
082 _a658.3
_bF43 2012
100 _aFerreiro, Pablo
_eAUT
245 0 _aGobierno de personas en la empresa
260 _c2008
300 _a
_c
650 _aGEN
654 _aCAN
942 _cLIB
_dJUS
_fJUS
_2ddc
_n
999 _c17932
_d17932